Ecuaciones diferenciales /

Guardado en:
Autor Principal: Phillips, H. B. 1881-
Formato: Libro
Idioma:Spanish
English
Publicado: México ; Buenos Aires : Unión Tipográfica Editrorial Hispano-Americana, c1956.
Materias:
Etiquetas: Agregar Etiqueta
Sin Etiquetas, Sea el primero en etiquetar este registro!
LEADER 00838nam a22002175a 4500
001 EIQ.libpla002203
008 070504s1956####mx#a##########001#0#spa#d
005 20070507150700.0
245 1 0 |a Ecuaciones diferenciales /  |c H.B. Phillips. 
260 |a México ;  |a Buenos Aires :  |b Unión Tipográfica Editrorial Hispano-Americana,  |c c1956. 
300 |a viii, 175 p. :  |b il. ;  |c 18 cm. 
500 |a Título de la obra en inglés: Differential equations. 
500 |a Incluye índice. 
100 1 |a Phillips, H. B.  |q (Henry Bayard),  |d 1881- 
650 4 |a Matemáticas  |x Ecuaciones diferenciales. 
650 4 |a Matemáticas  |x Ecuaciones lineales. 
650 4 |a Mathematics  |x Differential Equations. 
650 4 |a Mathematics  |x Lineares Equations. 
040 |a AR-BbSID  |b spa  |c AR-BbSID 
041 1 |a spa  |h eng 
859 |a AR-BbSID  |b BIB. PLAPIQUI  |h 517.38  |i P 545  |p 5955